Aprender con mapas mentales: una estrategia para pensar y estudiar

में बचाया:
ग्रंथसूची विवरण
मुख्य लेखकों: Ontoria Peña, Antonio (autor), Gómez, Juan Pedro R (लेखक), Luque, Angela de (लेखक)
स्वरूप: पुस्तक
भाषा:स्पेनिश
प्रकाशित: Madrid Narcea 2003
श्रृंखला:Educación Hoy
विषय:
टैग: टैग जोड़ें
कोई टैग नहीं, इस रिकॉर्ड को टैग करने वाले पहले व्यक्ति बनें!

MARC

LEADER 00000nam a2200000 a 4500
001 UCK3894
003 CL-VaPUC
008 050513e20030000SP |||||||||||||||||spa|d
020 |a 8427714092 
082 0 4 |a 370.1523  |b ONT  |2 21 
100 |a Ontoria Peña, Antonio  |e autor  |9 381454 
700 |a Gómez, Juan Pedro R  |e author  |9 552751 
700 0 |a Luque, Angela de  |e author  |9 492250 
245 1 0 |a Aprender con mapas mentales: una estrategia para pensar y estudiar 
300 |a 150 p 
942 |c BK 
945 |d 20050513 00:00:00  |a cmena 
260 |a Madrid  |b Narcea  |c 2003 
650 0 |a Psicología del aprendizaje  |9 306854 
650 0 |a Mapas conceptuales   |9 381462 
650 0 |a Métodos de enseñanza  |9 270413 
650 0 |a Memoria  |9 266549 
650 0 |a Cognición   |9 270347 
650 0 |a Psicología educacional   |9 307830 
583 |a last modification  |c 20050513 00:00:00  |k Rodrigo Vera 
490 0 |a Educación Hoy 
999 |c 312939  |d 312937 
952 |0 0  |1 0  |4 0  |6 370_152300000000000_ONT_2003  |7 0  |8 A  |9 383843  |a BIBEDU  |b BIBEDU  |d 2019-11-22  |i 4092139  |o 370.1523 ONT 2003  |p 4092139  |r 2019-11-22  |w 2019-11-22  |y BK  |k EDU